|
|
|
|
| LEADER |
00000nkm a2200000 a 4500 |
| 001 |
vtls011819901 |
| 003 |
SK-MaSNL |
| 005 |
20260425224007.0 |
| 007 |
kf bo |
| 008 |
240409s1997 xo g kuslo |
| 035 |
|
|
|a urn:nbn:sk:snk-km00ecw1
|
| 035 |
|
|
|a urn:nbn:sk:snk-km43eb8
|
| 035 |
|
|
|a 84600D01-8EDE-45C8-BEF5-7FCA632D3B53
|
| 040 |
|
|
|a SNK
|b slo
|c SNK
|e AACR2
|
| 041 |
0 |
|
|a slo
|
| 043 |
|
|
|a e-xo---
|
| 044 |
|
|
|a xo
|c SK
|
| 072 |
|
7 |
|a 394
|x Verejný a spoločenský život. Každodenný život
|2 konspekt
|
| 080 |
|
|
|a 394.46
|2 2011
|
| 080 |
|
|
|a (084.5)
|2 2011
|
| 245 |
0 |
0 |
|a Divadlo bez hraníc
|h grafika
|b programový plagát
|
| 260 |
|
|
|a Bratislava
|b Národné osvetové centrum
|c 1992
|
| 300 |
|
|
|a 1 plagát
|b farebný; na oranžovom podklade text čiernej farby, názov aj text je aj v nemeckom jazyku
|c 42 x 30 cm
|
| 648 |
|
7 |
|a 1896-1996
|2 SNKPH
|9 286313
|
| 650 |
0 |
7 |
|a divadlo
|2 SNKPH
|9 3335
|
| 651 |
|
7 |
|a Slovensko
|2 SNKPH
|9 14231
|
| 655 |
|
7 |
|a plagáty
|2 SNKPH
|9 70571
|
| 852 |
|
|
|a Slovenská národná knižnica v Martine
|
| 958 |
|
|
|a CP
|
| 999 |
|
|
|c 601257
|d 603187
|
| 952 |
|
|
|a SNKLM
|b SNKLM
|y PREZ
|7 0
|p 17A1262297
|o snklm L 1902
|i snklm 113/92
|8 7
|0 0
|1 0
|4 0
|d 2018-11-15
|f 1
|l 0
|r 2026-02-23 15:54:20
|w 2026-02-23
|